000
00283 a2200145 4500
001
169431
020
_a
040
_c
Magnum
100
_a
Marx, Karl
240
1
0
_a
A ideologia alema
_l
por
245
1
0
_a
A ideologia alema
362
0
_a
1899
697
_a
FILOSOFIA
942
_c
BK
999
_c
169431
_d
169431